| 000 | 00452nab a2200145Ia 4500 | ||
|---|---|---|---|
| 003 | ES-SlBCS | ||
| 005 | 20210601131329.0 | ||
| 008 | 140529s1987 xxu||||| |||| 00| 0 fre d | ||
| 041 | _afre | ||
| 100 | 1 |
_aMingat, Alain _9183390 |
|
| 245 | 0 | 0 |
_aSur la dynamique des acquisitions à l'école élémentaire _c Alain Mingat |
| 650 | 0 | 4 |
_aEscuela Elemental _9183387 |
| 773 | 0 |
_tRevue Française de Pedagogie _gnº. 79, 1987, págs. 5-14 _wRev888 |
|
| 942 | _cAR | ||
| 999 |
_c561372 _d561372 |
||